00655cam a2200169 4500008004100000020001500041035001200056050002100068245017700089260004300266300002100309500002000330504003900350650002700389650002900416700004000445030127s1999 sp 000 0 spa u a8492126124 aa406966 aJC578 bE67 1999 aEn Torno a la justicia :blas aportaciones de Aristóteles, el pensamiento español del XVI, J.S. Mill, la fenomenología y Rawls /cMaria Xosé Agra Romero...[et al.]. aLa Coruña, España :bEris, c1999. a318 p. ;c22 cm. aRec. Prop. Esc. aIncluye bibligrafías e índice1 aJusticia - Filosofía2 aFilosofia - Siglo XVI-XX1 aAgra Romero, María Xosé, coaut.